[Event "Open Semana Santa 2023"]
[Site "?"]
[Date "2023.04.05"]
[Round "1.157"]
[White "Piqueras Guardiola, Francisco"]
[Black "Voronaya, Eva"]
[Result "1-0"]
[WhiteElo "2105"]
[BlackElo "1480"]
[PlyCount "91"]

1. d4 d5 2. Bf4 c5 3. e3 Nc6 4. c3 Bf5 5. Nd2 cxd4 6. exd4 e6 7. Qb3 Qd7 8.
Ngf3 f6 9. Nh4 g5 10. Nxf5 exf5 11. O-O-O gxf4 12. Re1+ Nge7 13. Be2 O-O-O 14.
Bh5 Qc7 15. Kb1 Na5 16. Qc2 Nc4 17. Nb3 Qb6 18. Re2 a5 19. Ka1 Rd6 20. Rhe1 Kd8
21. Nc5 Qc6 22. Ne6+ Rxe6 23. Rxe6 Qd7 24. Qe2 Rg8 25. Rxf6 Nd6 26. Bf7 Rxg2
27. Be6 Qe8 28. Bxd5 Nxd5 29. Rxd6+ Bxd6 30. Qxe8+ Kc7 31. Qf7+ Ne7 32. Rxe7+
Bxe7 33. Qxe7+ Kb8 34. Qd8+ Ka7 35. Qxa5+ Kb8 36. Qe5+ Ka7 37. a4 Rxf2 38. Qxf5
f3 39. d5 Rf1+ 40. Ka2 f2 41. d6 Kb8 42. Qf8+ Ka7 43. d7 Rd1 44. Qxf2+ Kb8 45.
Qf8+ Kc7 46. Qc8+ 1-0

[Event "Open Semana Santa 2023"]
[Site "?"]
[Date "2023.04.05"]
[Round "1.158"]
[White "Prieto Martin, Manuel"]
[Black "CM Luke Brezmes, Cristofer"]
[Result "0-1"]
[WhiteElo "1478"]
[BlackElo "2095"]
[PlyCount "64"]

1. c4 e5 2. Nc3 d6 3. g3 f5 4. Bg2 Nf6 5. e3 Be7 6. Nge2 O-O 7. O-O Qe8 8. d4
c6 9. b3 Na6 10. Ba3 Be6 11. Qc2 e4 12. Rad1 Nc7 13. Nf4 Bf7 14. Rfe1 g5 15.
Nfe2 Bh5 16. h3 Bf3 17. Nb1 Qh5 18. b4 d5 19. Rd2 Ne6 20. b5 Rae8 21. bxc6 bxc6
22. Qa4 Bxg2 23. Kxg2 Qf3+ 24. Kg1 Bxa3 25. Nxa3 f4 26. Qb3 Qh5 27. gxf4 Qxh3
28. cxd5 Ng4 29. Ng3 Nh2 30. f3 Nxf3+ 31. Kf2 Qh2+ 32. Kf1 Nxd2# 0-1

[Event "Open Semana Santa 2023"]
[Site "?"]
[Date "2023.04.05"]
[Round "1.159"]
[White "Cuenca Jimenez, Francisco Javier"]
[Black "Aarav Sarbalia"]
[Result "0-1"]
[WhiteElo "2094"]
[BlackElo "1478"]
[PlyCount "104"]

1. c4 Nf6 2. g3 g6 3. Bg2 Bg7 4. Nc3 O-O 5. e4 d6 6. Nge2 c5 7. O-O Nc6 8. d3
a6 9. a4 Ne8 10. Be3 Nc7 11. d4 cxd4 12. Nxd4 Ne5 13. b3 Bd7 14. h3 Rb8 15. Rc1
Ne6 16. Nxe6 fxe6 17. f4 Nc6 18. Qd2 Be8 19. Rfd1 Qa5 20. Ne2 Qxd2 21. Rxd2 b5
22. axb5 axb5 23. c5 Na5 24. cxd6 exd6 25. Rxd6 Nxb3 26. Rb1 Na5 27. Rxe6 Bf7
28. Rb6 Nc4 29. Rxb8 Rxb8 30. Bd4 Na3 31. Rb2 b4 32. Bxg7 Kxg7 33. Nd4 Nc4 34.
Rb1 Na3 35. Rb2 b3 36. e5 Rd8 37. Rxb3 Bxb3 38. Nxb3 Rd3 39. Nc5 Rxg3 40. Kf2
Rc3 41. Ne6+ Kh6 42. Ng5 Nc4 43. Bd5 Nxe5 44. Ne4 Rd3 45. fxe5 Rxd5 46. Nd6 Kg7
47. Ne8+ Kf7 48. Nd6+ Ke6 49. Nc4 Rc5 50. Ne3 Kxe5 51. Kf3 Rc3 52. Kf2 Ke4 0-1

[Event "Open Semana Santa 2023"]
[Site "?"]
[Date "2023.04.05"]
[Round "1.160"]
[White "Prochaieva, Yelyzaveta"]
[Black "Atienza Alvarez, Javier"]
[Result "0-1"]
[WhiteElo "1468"]
[BlackElo "2089"]
[PlyCount "130"]

1. d4 Nf6 2. Nf3 d5 3. c4 e6 4. Nc3 dxc4 5. e3 a6 6. a4 b6 7. Bxc4 Bb7 8. h3
Bb4 9. Bd2 O-O 10. O-O Nbd7 11. Be2 Qe7 12. Rc1 Rad8 13. Nb1 Bd6 14. Nc3 e5 15.
dxe5 Nxe5 16. Nd4 Bc5 17. Nf5 Qd7 18. Nd4 Bxd4 19. exd4 Qxd4 20. Bg5 Qb4 21.
Qc2 Rd6 22. Na2 Qa5 23. Bxf6 Rxf6 24. Qxc7 Qd5 25. f3 Qxa2 26. Qxb7 Qxb2 27.
Qxa6 h5 28. Qb5 Qd4+ 29. Kh1 Rg6 30. f4 Qe4 31. Rf2 Qe3 32. Rcf1 Nc6 33. Bxh5
Nd4 34. Qb4 Rh6 35. Bg4 f5 36. Bd1 Rff6 37. Qc4+ Kh7 38. Rb2 Rfg6 39. Bb3 Re6
40. Qb4 Rc6 41. Rd1 Ne2 42. Rxe2 Qxe2 43. Qf8 Rhf6 44. Qg8+ Kg6 45. Rd7 Qf1+
46. Kh2 Qxf4+ 47. Kh1 Rc1+ 48. Rd1 Rxd1+ 49. Bxd1 Qf1+ 50. Kh2 Qxd1 51. Qe8+
Kh7 52. Qb5 Qd6+ 53. Kh1 Qc5 54. Qe8 Qc1+ 55. Kh2 Qf4+ 56. Kh1 Rg6 57. Qe2 Qh4
58. Kh2 f4 59. Kh1 Kh6 60. Kh2 Qg3+ 61. Kh1 f3 62. Qd2+ Kh7 63. Qc2 fxg2+ 64.
Kg1 Qe1+ 65. Kh2 Qh1# 0-1

[Event "Open Semana Santa 2023"]
[Site "?"]
[Date "2023.04.05"]
[Round "1.161"]
[White "Centeno Mendoza, Julio Stefano"]
[Black "Vecillas Rey, Daniel"]
[Result "1-0"]
[WhiteElo "2088"]
[BlackElo "1465"]
[PlyCount "137"]

1. e4 e6 2. d4 d5 3. e5 c5 4. c3 Ne7 5. Nf3 Nec6 6. Bd3 b6 7. Qe2 a5 8. Bg5 Be7
9. Bxe7 Qxe7 10. Na3 Ba6 11. Bxa6 Nxa6 12. Nb5 O-O 13. O-O f6 14. exf6 Rxf6 15.
Rfe1 Raf8 16. Qe3 Nab8 17. Re2 h6 18. Rae1 Na7 19. Nxa7 Qxa7 20. Ne5 Qe7 21. a3
c4 22. Qh3 Re8 23. Ng4 Rg6 24. f4 Qf8 25. Ne5 Rf6 26. g3 b5 27. Ng4 Rg6 28. f5
Rg5 29. Rxe6 Rxe6 30. fxe6 Nc6 31. Ne3 Ne7 32. Rf1 Qe8 33. Rf7 Nc6 34. Rc7 Rg6
35. Nxd5 Rxe6 36. Qg4 Rg6 37. Rc8 Rxg4 38. Rxe8+ Kf7 39. Rc8 Nxd4 40. cxd4 Rxd4
41. Ne3 Rd2 42. a4 Rxb2 43. axb5 Rxb5 44. Nxc4 Rd5 45. Ra8 Rd1+ 46. Kg2 Rc1 47.
Ne5+ Kf6 48. Rxa5 Rc7 49. Ng4+ Kf7 50. h4 Kg6 51. Kh3 Rb7 52. Ne3 Rc7 53. Ra6+
Kh7 54. h5 Rb7 55. Rg6 Rb5 56. Kh4 Rb4+ 57. g4 Rb7 58. Nf5 Ra7 59. Kg3 Rb7 60.
Kf4 Ra7 61. Rxg7+ Rxg7 62. Nxg7 Kxg7 63. Ke5 Kf7 64. Kf5 Kg7 65. Ke6 Kg8 66.
Kf6 Kh7 67. Kf7 Kh8 68. Kg6 Kg8 69. Kxh6 1-0

[Event "Open Semana Santa 2023"]
[Site "?"]
[Date "2023.04.05"]
[Round "1.162"]
[White "Franch Moreno, Marcelo"]
[Black "Castro Quijano, Eduardo"]
[Result "0-1"]
[WhiteElo "1461"]
[BlackElo "2083"]
[Annotator "Usuario"]
[PlyCount "112"]

1. e4 c5 2. Nf3 e6 3. d4 cxd4 4. Nxd4 Nc6 5. Nc3 Qc7 6. Be3 Nf6 7. f3 a6 8.
Nxc6 bxc6 9. Bg5 Be7 10. Bd3 d5 11. Qd2 O-O 12. O-O Qb6+ 13. Kh1 dxe4 14. fxe4
Qxb2 15. Rab1 Qa3 16. e5 Nd5 17. Ne4 f5 18. Bxe7 Qxe7 19. Nd6 Qa7 20. Rf3 Qd4
21. Re1 Bd7 22. Qg5 h6 23. Qg3 Rab8 24. Bxa6 Rb2 25. c3 Qd2 26. Nc4 f4 27. Rxf4
Qxf4 28. Qxf4 Rxf4 29. Nxb2 Rf2 30. Nd3 Rxa2 31. Nc5 Kf7 32. Bf1 Be8 33. c4 Nf4
34. Ne4 Ke7 35. g3 Ng6 36. Nc5 Ra5 37. Nd3 $11 Nf8 38. c5 Nd7 39. Rc1 Bg6 40.
Nb4 Be4+ 41. Bg2 Bxg2+ 42. Kxg2 Nxe5 43. Re1 Rxc5 44. Rxe5 Rxe5 45. Nxc6+ Kd6
46. Nxe5 Kxe5 47. Kf3 Kd4 48. Ke2 Ke4 49. Kf2 h5 50. Ke2 g5 51. h3 g4 52. hxg4
hxg4 53. Kf2 Kd3 54. Ke1 e5 55. Kf1 e4 56. Kf2 Kd2 0-1

[Event "Open Semana Santa 2023"]
[Site "?"]
[Date "2023.04.05"]
[Round "1.163"]
[White "Segura Santos, Luis"]
[Black "Marin Giner, Gustavo"]
[Result "1-0"]
[WhiteElo "2083"]
[BlackElo "1449"]
[PlyCount "57"]

1. e4 e5 2. Nf3 Nc6 3. d4 exd4 4. Bc4 Nf6 5. e5 d5 6. Bb5 Ne4 7. Nxd4 Bc5 8.
Be3 O-O 9. Nxc6 bxc6 10. Bxc5 Nxc5 11. Bxc6 Rb8 12. Qxd5 Qe7 13. O-O Rxb2 14.
Qd4 Rxc2 15. Nc3 Ne6 16. Qd3 Rb2 17. Nd5 Qd8 18. Rad1 Kh8 19. Qa3 Rc2 20. Nf4
Nd4 21. Rxd4 Rxc6 22. Rxd8 Rxd8 23. Qe7 Rg8 24. e6 Bxe6 25. Nxe6 fxe6 26. h4 h6
27. Rd1 Rb8 28. Rd7 Rg8 29. Rxc7 1-0

[Event "Open Semana Santa 2023"]
[Site "?"]
[Date "2023.04.05"]
[Round "1.165"]
[White "Cayon Pelaez, Pablo"]
[Black "Casao Benedi, Luis"]
[Result "1-0"]
[WhiteElo "2079"]
[BlackElo "1440"]
[PlyCount "61"]

1. d4 d5 2. c4 c6 3. Nc3 Nf6 4. Nf3 Bf5 5. Qb3 Qc8 6. cxd5 cxd5 7. Nxd5 Nxd5 8.
Qxd5 e6 9. Qb5+ Qd7 10. Qxd7+ Nxd7 11. Bd2 Bd6 12. e3 Rc8 13. Bb5 a6 14. Ba4 b5
15. Bb3 Bd3 16. Bd1 Nf6 17. Be2 Bxe2 18. Kxe2 b4 19. Rhc1 Ke7 20. Ne5 a5 21.
Nc6+ Kd7 22. Nxa5 Ne4 23. Nc4 Rb8 24. Nxd6 Kxd6 25. Rc4 Nxd2 26. Kxd2 b3 27. a3
Rbc8 28. Rxc8 Rxc8 29. Rc1 Rb8 30. Rc4 Rb7 31. Rb4 1-0

[Event "Open Semana Santa 2023"]
[Site "?"]
[Date "2023.04.05"]
[Round "1.166"]
[White "Gil Bayo, Daniel"]
[Black "WIM Varela La Madrid, Tilsia Carolin"]
[Result "0-1"]
[WhiteElo "1433"]
[BlackElo "2078"]
[PlyCount "66"]

1. d4 d5 2. c4 c6 3. Nf3 Nf6 4. Nc3 e6 5. e3 Nbd7 6. Bd3 dxc4 7. Bxc4 b5 8. Bd3
a6 9. O-O Bb7 10. Bd2 c5 11. Rc1 Be7 12. Bb1 Rc8 13. e4 cxd4 14. Nxd4 Nc5 15.
Be3 Ncxe4 16. Nxe4 Nxe4 17. Nxe6 fxe6 18. Qg4 Nf6 19. Qxe6 Rxc1 20. Rxc1 Qd5
21. Qxd5 Nxd5 22. Be4 Kf7 23. Bd2 Ba8 24. Ba5 Nf4 25. Re1 Bf6 26. f3 Bxb2 27.
g3 Bxe4 28. Rxe4 Ne6 29. a4 Bd4+ 30. Kf1 bxa4 31. Re2 Rb8 32. Ra2 Rb1+ 33. Ke2
Rb2+ 0-1

[Event "Open Semana Santa 2023"]
[Site "?"]
[Date "2023.04.05"]
[Round "1.169"]
[White "WFM Abrisqueta Zudaire, Leyre"]
[Black "Aracil Martinez, Arnau"]
[Result "1-0"]
[WhiteElo "2077"]
[BlackElo "1421"]
[PlyCount "55"]

1. d4 d5 2. c4 e6 3. Nf3 Nf6 4. g3 Be7 5. Bg2 O-O 6. Qc2 Nbd7 7. O-O Ne4 8. Nc3
Ndf6 9. Ne5 c5 10. Nxe4 Nxe4 11. dxc5 Nxc5 12. Bf4 f6 13. Nd3 d4 14. Bd2 Qc7
15. e3 dxe3 16. Bxe3 Nxd3 17. Qxd3 Rd8 18. Qb3 Kh8 19. Rfd1 Rf8 20. c5 a5 21.
Qb5 a4 22. Rac1 Ra5 23. Qb6 Qxb6 24. cxb6 Rb5 25. Rc7 Rxb2 26. Rxe7 Rxa2 27.
Bxb7 Bxb7 28. Rxb7 1-0

[Event "Open Semana Santa 2023"]
[Site "?"]
[Date "2023.04.05"]
[Round "1.170"]
[White "Soto Fernandez, Diego"]
[Black "Robledo Sanchez, Carlos"]
[Result "0-1"]
[WhiteElo "1416"]
[BlackElo "2077"]
[PlyCount "64"]

1. c4 c5 2. Nc3 Nc6 3. g3 g6 4. Bg2 Bg7 5. e3 e6 6. Nge2 Nge7 7. O-O O-O 8. b3
d5 9. cxd5 Nxd5 10. Bb2 Ndb4 11. Nc1 Qd7 12. a3 Nd5 13. N1e2 Nde7 14. Na4 b6
15. Bxg7 Kxg7 16. d4 Ba6 17. Re1 Rad8 18. Qc2 cxd4 19. Qb2 Kg8 20. Nxd4 Nxd4
21. exd4 Qxd4 22. Qxd4 Rxd4 23. Rad1 Rfd8 24. Nc3 Nf5 25. b4 Kg7 26. b5 Rxd1
27. Nxd1 Bxb5 28. Nc3 Bc4 29. Ne4 b5 30. g4 Nd4 31. a4 b4 32. Ng5 b3 0-1

[Event "Open Semana Santa 2023"]
[Site "?"]
[Date "2023.04.05"]
[Round "1.171"]
[White "Donate Moreno, Silvia"]
[Black "Garcia Fuentes, Jorge"]
[Result "1-0"]
[WhiteElo "2077"]
[BlackElo "1412"]
[PlyCount "41"]

1. e4 d5 2. exd5 Nf6 3. d4 Bg4 4. Nf3 Qxd5 5. Be2 Nc6 6. h3 Bxf3 7. Bxf3 Qe6+
8. Be2 O-O-O 9. c3 Qe4 10. O-O e6 11. Bf3 Qg6 12. Bxc6 bxc6 13. Qa4 Kd7 14. Bf4
Be7 15. Nd2 Qf5 16. Bg3 a5 17. Nf3 Bd6 18. Ne5+ Bxe5 19. dxe5 Qe4 20. Rad1+ Nd5
21. Qxe4 1-0

[Event "Open Semana Santa 2023"]
[Site "?"]
[Date "2023.04.05"]
[Round "1.172"]
[White "Palomo Fernandez, Lorenzo"]
[Black "Prodhomme, Boris"]
[Result "0-1"]
[WhiteElo "1405"]
[BlackElo "2076"]
[PlyCount "82"]

1. e4 c5 2. Nf3 g6 3. Nc3 Bg7 4. d4 cxd4 5. Nxd4 Nc6 6. Be3 Nf6 7. f3 O-O 8.
Qd2 d5 9. O-O-O dxe4 10. Nxc6 Qxd2+ 11. Rxd2 bxc6 12. fxe4 Ng4 13. Nd1 Rb8 14.
c3 Nxe3 15. Nxe3 Be6 16. Bc4 Bxc4 17. Nxc4 Bh6 18. Rhd1 Rfd8 19. Kc2 Bxd2 20.
Rxd2 Rxd2+ 21. Kxd2 f6 22. b3 Rb5 23. Ke3 Kf7 24. h4 h5 25. b4 Ke6 26. Kd4 Kd7
27. a4 e5+ 28. Kd3 Rb8 29. Na5 g5 30. hxg5 fxg5 31. Nc4 Ke6 32. Ne3 Rf8 33. Nf5
h4 34. Ke2 Rxf5 35. exf5+ Kxf5 36. b5 cxb5 37. axb5 g4 38. c4 h3 39. gxh3 gxh3
40. Kf2 e4 41. c5 e3+ 0-1

[Event "Open Semana Santa 2023"]
[Site "?"]
[Date "2023.04.05"]
[Round "1.174"]
[White "Harutian, Arthur William"]
[Black "CM Bazilius, Augustinas"]
[Result "0-1"]
[WhiteElo "1376"]
[BlackElo "2073"]
[PlyCount "76"]

1. Nf3 c5 2. g3 Nf6 3. Bg2 Nc6 4. d4 cxd4 5. Nxd4 d5 6. Nxc6 bxc6 7. O-O e6 8.
c4 Be7 9. Nc3 O-O 10. Qa4 Bd7 11. Bf4 Nh5 12. cxd5 cxd5 13. Qd4 Nxf4 14. Qxf4
Rb8 15. Qd2 Bg5 16. e3 Qb6 17. Nxd5 exd5 18. Qxd5 Qb5 19. Rfd1 Be6 20. Qxb5
Rxb5 21. b3 Ra5 22. b4 Ra4 23. Bd5 Rd8 24. Bxe6 Rxd1+ 25. Rxd1 fxe6 26. Rd6 Kf7
27. Rd2 Ke8 28. Rc2 Bf6 29. b5 Ra5 30. b6 axb6 31. Rc6 Ra6 32. Rxe6+ Kd7 33.
Re4 Rxa2 34. Rb4 Kc6 35. Kf1 Kc5 36. Re4 b5 37. h4 b4 38. Ke1 b3 0-1

[Event "Open Semana Santa 2023"]
[Site "?"]
[Date "2023.04.05"]
[Round "1.175"]
[White "Mateu Guiu, Esteve"]
[Black "Garcia Solbes, Juan Felipe"]
[Result "1-0"]
[WhiteElo "2071"]
[BlackElo "1365"]
[PlyCount "59"]

1. d4 d5 2. c4 e6 3. Nf3 Nf6 4. g3 c5 5. cxd5 Nxd5 6. Bg2 Nc6 7. O-O Be7 8. a3
cxd4 9. Nxd4 Nxd4 10. Qxd4 Bf6 11. Qd3 O-O 12. Rd1 Qb6 13. Nd2 Rd8 14. Nc4 Qc7
15. Qb3 Nb6 16. Ne3 Rxd1+ 17. Qxd1 Bd7 18. Ng4 Be7 19. Bf4 Qc4 20. Ne5 Qb5 21.
a4 Qxb2 22. a5 Ba4 23. Qf1 Bb5 24. axb6 Bf6 25. Rb1 Qxe2 26. Rxb5 Qxf1+ 27.
Kxf1 a6 28. Ra5 g5 29. Be3 Rd8 30. Bxb7 1-0

[Event "Open Semana Santa 2023"]
[Site "?"]
[Date "2023.04.05"]
[Round "1.176"]
[White "Hidalgo Mena, Manel"]
[Black "Pham Guerrero, Sergi"]
[Result "0-1"]
[WhiteElo "1362"]
[BlackElo "2069"]
[PlyCount "62"]

1. d4 Nf6 2. Nf3 g6 3. c3 Bg7 4. Bf4 d6 5. Nbd2 Bf5 6. Qb3 Qc8 7. e4 Nxe4 8.
Nxe4 Bxe4 9. Ng5 Qf5 10. Qb5+ Qxb5 11. Bxb5+ Bc6 12. Bc4 h6 13. Bxf7+ Kf8 14.
Ne6+ Kxf7 15. Nxc7 Na6 16. Nxa8 Bxg2 17. Rg1 Be4 18. Nb6 axb6 19. f3 Bd5 20. b3
Rc8 21. Kd2 e5 22. Be3 Bxf3 23. dxe5 dxe5 24. Bxb6 e4 25. Rac1 Nc5 26. c4 Bd4
27. Bxc5 Rxc5 28. Rgf1 Rh5 29. Kc2 Rxh2+ 30. Kb1 Rb2+ 31. Ka1 Rxb3+ 0-1

[Event "Open Semana Santa 2023"]
[Site "?"]
[Date "2023.04.05"]
[Round "1.177"]
[White "Justiniano Marquez, Marco Antoni"]
[Black "Saez Pascual, Javier"]
[Result "1-0"]
[WhiteElo "2068"]
[BlackElo "1359"]
[PlyCount "63"]

1. Nf3 Nf6 2. c4 e6 3. g3 b6 4. Bg2 Bb7 5. O-O c5 6. b3 Be7 7. Bb2 O-O 8. d3 d5
9. Re1 d4 10. e3 dxe3 11. fxe3 Nc6 12. Nc3 h5 13. Qe2 a6 14. Rad1 Qc7 15. d4
cxd4 16. exd4 Bb4 17. a3 Bxc3 18. Bxc3 Ne7 19. d5 Nfxd5 20. Be5 Qc5+ 21. Bd4
Nc3 22. Qd3 Ne2+ 23. Rxe2 Qf5 24. Qxf5 Nxf5 25. Bxb6 Bc6 26. Red2 Rab8 27. Bc5
Rfc8 28. b4 a5 29. Nd4 Nxd4 30. Rxd4 Ba4 31. R1d2 axb4 32. axb4 1-0

[Event "Open Semana Santa 2023"]
[Site "?"]
[Date "2023.04.05"]
[Round "1.178"]
[White "Melero Fernandez, Jose M"]
[Black "Andries, Alf"]
[Result "0-1"]
[WhiteElo "1356"]
[BlackElo "2067"]
[PlyCount "64"]

1. e4 c5 2. Nc3 Nc6 3. f4 g6 4. Nf3 Bg7 5. Bb5 Nd4 6. O-O Nxb5 7. Nxb5 d5 8. d3
a6 9. Nc3 d4 10. Ne2 e6 11. Ng3 Ne7 12. Qe1 O-O 13. f5 exf5 14. Bd2 a5 15. Qc1
b6 16. Bh6 fxe4 17. Nxe4 Nd5 18. Bxg7 Kxg7 19. Qd2 Ne3 20. Rfe1 Bb7 21. Qf2 h6
22. Rac1 f5 23. Ned2 Qd5 24. c4 Qd6 25. Re2 Rae8 26. h3 Bc6 27. Nf1 f4 28. N1h2
Qf6 29. Ng4 Qf5 30. Rd2 Nxg4 31. hxg4 Qxg4 32. Re1 Bxf3 0-1

[Event "Open Semana Santa 2023"]
[Site "?"]
[Date "2023.04.05"]
[Round "1.179"]
[White "Pousada Garcia, Daniel"]
[Black "Garcia Castany, Jose"]
[Result "1-0"]
[WhiteElo "2061"]
[BlackElo "1354"]
[PlyCount "43"]

1. e4 c5 2. Nf3 d6 3. c3 e6 4. d4 cxd4 5. cxd4 d5 6. e5 Ne7 7. Bd3 Nf5 8. Nc3
Bb4 9. O-O Bxc3 10. bxc3 O-O 11. h4 Qc7 12. Bd2 b6 13. Qe2 g6 14. Rfc1 Ng7 15.
Ng5 Nc6 16. h5 Nxh5 17. Nxh7 Re8 18. Qg4 Qe7 19. Bxg6 fxg6 20. Qxg6+ Qg7 21.
Qxe8+ Kxh7 22. Qxh5+ 1-0

[Event "Open Semana Santa 2023"]
[Site "?"]
[Date "2023.04.05"]
[Round "1.180"]
[White "Santos Anton, Armando"]
[Black "Moreno Alcaraz, Jose Javier"]
[Result "0-1"]
[WhiteElo "1353"]
[BlackElo "2060"]
[PlyCount "87"]

1. e4 e6 2. e5 d5 3. d4 c5 4. Be3 Nc6 5. Nf3 Qb6 6. Qc1 cxd4 7. Nxd4 Nxd4 8. c3
Bc5 9. b4 Nc2+ 10. Qxc2 Bxe3 11. fxe3 Qxe3+ 12. Qe2 Qc1+ 13. Qd1 Qxd1+ 14. Kxd1
Nh6 15. Be2 Bd7 16. a4 f6 17. exf6 gxf6 18. Bh5+ Ke7 19. Re1 Rhg8 20. Bf3 Kd6
21. Nd2 Rac8 22. c4 Nf5 23. c5+ Kc7 24. Nb3 Rcd8 25. g3 e5 26. b5 Be6 27. Rb1
d4 28. b6+ axb6 29. cxb6+ Kb8 30. Bxb7 Bxb3+ 31. Rxb3 Kxb7 32. Kd2 Ra8 33. Ra1
Ne3 34. Kd3 f5 35. Rb5 e4+ 36. Ke2 Nc2 37. Ra2 d3+ 38. Kd2 Rgd8 39. Rxc2 dxc2+
40. Kxc2 Rac8+ 41. Kb3 e3 42. Rxf5 e2 43. Kb4 e1=Q+ 44. Kb5 0-1

[Event "Open Semana Santa 2023"]
[Site "?"]
[Date "2023.04.05"]
[Round "1.181"]
[White "WFM Jimenez Fernandez, Rebeca"]
[Black "Gonzalez Bolado, David"]
[Result "1-0"]
[WhiteElo "2053"]
[BlackElo "1344"]
[PlyCount "39"]

1. e4 c5 2. Nf3 Nc6 3. d4 cxd4 4. Nxd4 e5 5. Nb5 d6 6. N1c3 Be7 7. Nd5 Kf8 8.
Be3 b6 9. Qd2 Nf6 10. Nxf6 Bxf6 11. O-O-O Be7 12. Nxd6 Bxd6 13. Qxd6+ Qxd6 14.
Rxd6 Bb7 15. Bb5 Rc8 16. Rhd1 Ke8 17. Rd7 Ba8 18. Rxa7 h5 19. Rxa8 Rxa8 20.
Bxc6+ 1-0

[Event "Open Semana Santa 2023"]
[Site "?"]
[Date "2023.04.05"]
[Round "1.182"]
[White "Taquet, Eric"]
[Black "Exposito Milan, Adrian"]
[Result "0-1"]
[WhiteElo "1344"]
[BlackElo "2053"]
[PlyCount "52"]

1. e4 c5 2. Nf3 Nc6 3. c3 Nf6 4. e5 Nd5 5. Bc4 Nb6 6. Bb3 d6 7. exd6 Qxd6 8.
O-O c4 9. Bc2 Bg4 10. h3 Bh5 11. Re1 O-O-O 12. b3 Qf6 13. Be4 e6 14. Ba3 Bd6
15. Bxc6 bxc6 16. Bb2 Nd5 17. Qe2 Nf4 18. Qxc4 Bxf3 19. Re4 Bxe4 20. Qxe4 Kc7
21. Qe3 Kb7 22. a4 Qg6 23. Qf3 Qd3 24. Qd1 Bc5 25. Ba3 Ne2+ 26. Kh1 Bxf2 0-1

[Event "Open Semana Santa 2023"]
[Site "?"]
[Date "2023.04.05"]
[Round "1.183"]
[White "Navarro Martinez, Victor"]
[Black "Sharma Siri"]
[Result "1-0"]
[WhiteElo "2051"]
[BlackElo "1336"]
[PlyCount "85"]

1. e4 e5 2. Nf3 Nc6 3. Bb5 a6 4. Ba4 Nf6 5. O-O Bc5 6. c3 O-O 7. d4 Bb6 8. Bg5
d6 9. Bxc6 bxc6 10. dxe5 dxe5 11. Qxd8 Rxd8 12. Nxe5 Rd6 13. Nc4 Re6 14. Nxb6
cxb6 15. f3 Nd7 16. Rd1 h6 17. Be3 f5 18. Nd2 c5 19. Kf2 fxe4 20. Nxe4 Ne5 21.
Rd8+ Kf7 22. Nd6+ Ke7 23. Rxc8 Rxc8 24. Nxc8+ Kd7 25. Nxb6+ Rxb6 26. Rd1+ Kc6
27. b4 Nc4 28. Bxc5 Rb7 29. a4 Nb2 30. Rd6+ Kc7 31. Rxa6 Nd3+ 32. Ke3 Nxc5 33.
bxc5 Rb2 34. Rg6 Ra2 35. Kd4 Rxa4+ 36. Kd5 Ra3 37. Rxg7+ Kc8 38. c4 Rd3+ 39.
Kc6 Rd8 40. Kb6 Re8 41. c6 Rf8 42. Ra7 Kb8 43. c7+ 1-0

[Event "Open Semana Santa 2023"]
[Site "?"]
[Date "2023.04.05"]
[Round "1.184"]
[White "Anton Ortiz, Javier"]
[Black "Arroyo Rodriguez, Jesus"]
[Result "0-1"]
[WhiteElo "1332"]
[BlackElo "2048"]
[PlyCount "50"]

1. e4 c5 2. Nf3 g6 3. d4 cxd4 4. Qxd4 Nf6 5. e5 Nc6 6. Qc3 Nd5 7. Qd3 Ndb4 8.
Qd1 Bg7 9. Bd2 a5 10. a3 Na6 11. Bc3 O-O 12. Nbd2 d6 13. Nc4 b5 14. Ne3 b4 15.
axb4 axb4 16. Bd2 dxe5 17. Ra2 Bb7 18. Qa1 Qb6 19. Nc4 Qc7 20. Na5 Nxa5 21.
Rxa5 e4 22. Ng5 Bxb2 23. Qa2 Bc3 24. Bxc3 Qxc3+ 25. Ke2 Rad8 0-1

[Event "Open Semana Santa 2023"]
[Site "?"]
[Date "2023.04.05"]
[Round "1.185"]
[White "FM Van Hoolandt, Patrick"]
[Black "Perez Luna, Alfredo"]
[Result "1-0"]
[WhiteElo "2046"]
[BlackElo "1328"]
[PlyCount "103"]

1. d4 d5 2. c4 c6 3. cxd5 cxd5 4. Nf3 Nc6 5. Nc3 Nf6 6. Bf4 g6 7. Ne5 Bg7 8.
Nxc6 bxc6 9. Qa4 Bd7 10. Qa3 O-O 11. e3 Bf5 12. Be2 Nd7 13. g4 Be6 14. O-O Nf6
15. f3 h6 16. Rac1 g5 17. Bg3 a5 18. Na4 Bd7 19. Rc3 Ne8 20. Qc5 Nc7 21. Bxc7
Qxc7 22. Nb6 Rab8 23. Nxd5 Qd8 24. Nxe7+ Kh8 25. Nxc6 Bxc6 26. Qxc6 Rxb2 27.
Rc2 Rb6 28. Qc7 Re6 29. Qxd8 Rxd8 30. Kf2 Bf6 31. Bd3 Rde8 32. Be4 Rb6 33. Rfc1
Re7 34. Rc6 Rb2+ 35. R1c2 Rxc2+ 36. Bxc2 Kg7 37. Ra6 Rb7 38. Bb3 Bd8 39. Ke2
Bb6 40. Kd3 Rb8 41. e4 f6 42. Bd5 Kf8 43. e5 fxe5 44. dxe5 Ke7 45. Ke4 Kd7 46.
Ra8 Rxa8 47. Bxa8 Bc7 48. Kf5 Ke7 49. Bd5 a4 50. a3 Kf8 51. Kf6 Bd8+ 52. Kg6
1-0

[Event "Open Semana Santa 2023"]
[Site "?"]
[Date "2023.04.05"]
[Round "1.186"]
[White "Guzman Fuentes, Encarna"]
[Black "Cebrian Flores, Juan Antonio"]
[Result "0-1"]
[WhiteElo "1311"]
[BlackElo "2045"]
[PlyCount "110"]

1. e4 g6 2. d4 Bg7 3. Nf3 d6 4. Nc3 Nf6 5. Be2 Nc6 6. O-O Bg4 7. Be3 Nd7 8. h3
Bxf3 9. Bxf3 e5 10. Ne2 O-O 11. d5 Ne7 12. Ng3 Qe8 13. Qd2 f5 14. Bg5 f4 15.
Bxe7 Qxe7 16. Ne2 h5 17. g3 fxg3 18. fxg3 Kh7 19. Bg2 Bh6 20. Qc3 Nf6 21. Rf2
Rf7 22. Raf1 Raf8 23. Qd3 Bg5 24. c4 c6 25. b4 cxd5 26. cxd5 Qc7 27. a3 Kg7 28.
Nc3 Qb6 29. Kh1 Rc7 30. Na4 Qe3 31. Qxe3 Bxe3 32. Rf3 Bd4 33. Rb1 Rc2 34. Rfb3
Rfc8 35. Nb2 Re2 36. Bf1 Rxb2 37. R1xb2 Bxb2 38. Rxb2 Nxe4 39. Kh2 Rc3 40. a4
Nxg3 41. Bg2 Nf5 42. a5 Ne3 43. Be4 Rc4 44. Bh1 Rc2+ 45. Rxc2 Nxc2 46. b5 Nd4
47. b6 a6 48. Be4 Nb3 49. Bd3 Nxa5 50. Kg3 Nb3 51. Bxa6 Nc5 52. Be2 Kf6 53. h4
Nd7 54. Bd3 Nxb6 55. Be4 Nd7 0-1

[Event "Open Semana Santa 2023"]
[Site "?"]
[Date "2023.04.05"]
[Round "1.187"]
[White "Dura Olmos, Gines Raul"]
[Black "Del Valle Domenech, Trinidad"]
[Result "1-0"]
[WhiteElo "2044"]
[BlackElo "1311"]
[PlyCount "75"]

1. Nf3 d5 2. c4 e6 3. g3 Nf6 4. Bg2 Be7 5. O-O O-O 6. d4 Nbd7 7. Qc2 Rb8 8. Bf4
Ne4 9. Nc3 Ndf6 10. Nb5 Bd6 11. Nxd6 Nxd6 12. Ne5 Bd7 13. Rac1 dxc4 14. Nxc4
Nxc4 15. Qxc4 Bc6 16. Bxc6 bxc6 17. b3 Rb6 18. Qa4 Nd5 19. Bd2 Qa8 20. Rc5 Qb7
21. Rfc1 Ra6 22. Ba5 Qb6 23. Bxb6 Rxa4 24. bxa4 cxb6 25. Rxc6 g6 26. Rc8 Ne7
27. R8c7 Nd5 28. Rxa7 Rd8 29. e3 Kg7 30. Kg2 h5 31. Rc6 Kf6 32. Kf3 Kg7 33. h4
Rb8 34. e4 Nb4 35. Rcc7 Rf8 36. a3 Nd3 37. Ke2 Nb2 38. Rc2 1-0

[Event "Open Semana Santa 2023"]
[Site "?"]
[Date "2023.04.05"]
[Round "1.188"]
[White "De La Hoz Mulet, Miguel"]
[Black "Lazaro Azcutia, Miguel"]
[Result "0-1"]
[WhiteElo "1311"]
[BlackElo "2042"]
[PlyCount "90"]

1. d4 d5 2. Nf3 Nf6 3. Bf4 e6 4. e3 Bd6 5. Bg3 O-O 6. Bd3 c5 7. c3 Qc7 8. Nbd2
Nbd7 9. O-O Bxg3 10. hxg3 e5 11. dxe5 Nxe5 12. Nxe5 Qxe5 13. Nf3 Qh5 14. Nh4
Bg4 15. f3 Bd7 16. Qe1 Rfe8 17. Qf2 Re7 18. Rae1 Rae8 19. g4 Qh6 20. Nf5 Bxf5
21. Bxf5 g6 22. Bc2 b6 23. e4 dxe4 24. Bxe4 Nxe4 25. Rxe4 Rxe4 26. fxe4 Re7 27.
Qf6 Qe3+ 28. Kh1 Qxe4 29. Rd1 Re8 30. Rd7 Qe1+ 31. Kh2 Qe6 32. Qxe6 Rxe6 33.
Rxa7 Re2 34. b3 Kg7 35. c4 Kf6 36. Ra6 Re6 37. a3 Ke5 38. Ra7 Kd4 39. Rxf7 Re3
40. Rf4+ Kc3 41. Rf3 Rxf3 42. gxf3 Kxb3 43. f4 Kxc4 44. f5 gxf5 45. gxf5 Kd5
0-1

[Event "Open Semana Santa 2023"]
[Site "?"]
[Date "2023.04.05"]
[Round "1.189"]
[White "Martinez Ramos, Paula"]
[Black "Jaglinski, Aleksander"]
[Result "1-0"]
[WhiteElo "2042"]
[BlackElo "1301"]
[Annotator "Usuario"]
[PlyCount "71"]

1. Nf3 Nf6 2. d4 d5 3. g3 Bf5 4. Bg2 e6 5. O-O c5 6. c4 Nc6 7. cxd5 exd5 8. Nc3
c4 9. Ne5 Bb4 10. Bg5 Bxc3 11. bxc3 Be6 12. Rb1 Rb8 13. Nxc6 bxc6 14. Qa4 O-O
15. Bf4 Rxb1 16. Rxb1 Qd7 17. Qb4 Rc8 18. a4 Ne8 19. Qb7 Qxb7 20. Rxb7 Ra8 21.
a5 a6 22. Rb6 Bd7 23. e4 Nf6 24. f3 h6 25. Be5 Ne8 26. Rb7 Bc8 27. Rb2 Be6 $11
28. exd5 cxd5 29. f4 g6 30. g4 f6 31. Bb8 f5 32. gxf5 gxf5 33. Rb6 Bf7 34. Be5
Kh7 35. Rb7 Kg8 36. Rxf7 1-0